000 01202cam a22003497a 4500
003 CHAP
005 20250428105603.0
008 000504d2000 mx r 00110 spa d
010 _a81000
011 _a81972
035 _a92456
040 _cCHAP
090 _aTesis
100 1 0 _aCorona Sáez, Tomás María
_928127
245 1 0 _aSistema computarizado experto en diagnóstico nutrimental en cítricos
_c/por Tomás María Corona Sáez
260 _aChapingo, Méx. :
_bEl autor,
_c2000.
300 _a98 h.
502 _aTesis (M.C. en Horticultura) -- UACH. Departamento de Fitotecnia
590 _aALEPH
_b10
_c20130110
_lUCH01
_h1434
590 _aBATCH-UPD
_b10
_c20130110
_lUCH01
_h1805
590 _aBATCH-UPD
_b10
_c20130410
_lUCH01
_h1140
590 _aBATCH-UPD
_b10
_c20130914
_lUCH01
_h0959
590 _aCONVERSION
_b10
_c20130109
_lUCH01
_h1345
650 1 4 _aCítricos.
_924392
650 1 4 _aFruta
_xValor nutritivo.
_943664
650 1 4 _aProcesamiento automático de datos en fruticultura.
_991779
901 _aBK
905 _aLilia Sánchez G.
942 _cFOLL
949 _bBC
_cTES
_d33724000777959
_eTS2
_fc.2
_h36178
_i92456
_sb
949 _bBC
_cTES
_d924561
_eTS1
_h36177
_i92456
_sb
999 _c81000
_d81000